Memorias del taller de trabajo sobre e impacto de las actividades antropogénicas en mamíferos marinos en el pacífico sudeste (Registro nro. 20881)
[ vista simple ]
| 000 -CABECERA | |
|---|---|
| Campo de control | 02001nam a22002657a 4500 |
| 005 - FECHA Y HORA DE LA ULTIMA TRANSACCION | |
| Campo de control | 20200220082528.0 |
| 008 - ELEMENTOS DE LONGITUD FIJA—INFORMACION GENERAL | |
| Campo de control | 200220b xxu||||| |||| 00| 0 spa d |
| 040 ## - FUENTE DE CATALOGACIÓN | |
| Agencia catalogadora original | CO-BoIAVH |
| Agencia transcriptora | CO-BoIAVH |
| 041 ## - IDIOMA | |
| Código de idioma para texto/pista de sonido o título separado | Español |
| 044 ## - PAÍS DE PUBLICACIÓN | |
| País de publicación | Ecuador |
| 082 ## - NUMERO DE CLASIFICACION DECIMAL DEWEY | |
| Número de clasificación | 639.979 |
| Número del ítem | C73m |
| 100 ## - ASIENTO PRINCIPAL--NOMBRE PERSONAL | |
| Nombre personal | |
| 9 (RLIN) | 102755 |
| 110 ## - ASIENTO PRINCIPAL--NOMBRE CORPORATIVO | |
| 9 (RLIN) | 54154 |
| Nombre corporativo o de jurisdicción como elemento de entrada | Comisión permanente del pacífico del sur |
| 111 ## - ASIENTO PRINCIPAL--NOMBRE DE REUNION | |
| Nombre de reunión o de jurisdicción como elemento de entrada | Taller de trabajo sobre el impacto de las actividades antropogénicas en mamíferos marinos en el Pacífico sudeste, |
| Lugar de la reunión | Bogotá - Colombia |
| Fecha de la reunión | 28 al 29 de noviembre de 2006 |
| 9 (RLIN) | 102761 |
| 245 ## - MENCION DE TITULO | |
| Título | Memorias del taller de trabajo sobre e impacto de las actividades antropogénicas en mamíferos marinos en el pacífico sudeste |
| Parte restante del título | Bogotá, Colombia, 28 al 29 de noviembre de 2006 |
| Mención de responsabilidad | Comisión Permanente del Pacífico Sur-CPPS y Programa de las Naciones Unidas para el Medio Ambiente-PNUMA |
| 260 ## - PUBLICACION, DISTRIBUCION, ETC. (PIE DE IMPRENTA) | |
| Lugar de publicación, distribución, etc. | Guayaquil: |
| Nombre del editor, distribuidor, etc. | CPPS., |
| -- | PNUMA, |
| Fecha de publicación, distribución, etc. | 2007. |
| 300 ## - DESCRIPCION FISICA | |
| Extensión | 98 Páginas, |
| Otros detalles físicos | Fotografías, gráficos y mapas a color, |
| Dimensiones | 29.6 x 20.8 cm |
| 500 ## - NOTA GENERAL | |
| Nota general | Este documento ha sido preparado por la Oficina del Plan de Acción para la Protección del Medio Marino del Pacífico Sudeste-CPPS, de acuerdo con el memorando de Entendimiento CPPP/PNUMA FPL/3000-06-02-2220. Las designaciones empleadas y la presentación de la información en este documento no implican la expresión de juicio alguno de parte de la CPPS o del PNUMA sobre la condición jurídica de los Estados, territorios, ciudades o zonas, ni de sus autoridades, ni respecto de la delimitación de sus fronteras o límites geográficos. Los puntos de vista expresados en este documento son de los autores y no necesariamente son los puntos de vista de la CPPS o del PNUMA. |
| 504 ## - NOTA DE BIBLIOGRAFIA, ETC. | |
| Nota de bibliografía | Referencias al final de cada capítulo. |
| 650 #0 - ASIENTO SECUNDARIO DE MATERIA - TERMINO TEMATICO | |
| 9 (RLIN) | 8015 |
| Término temático o nombre geográfico como elemento de entrada | Mamíferos marinos |
| Subdivisión geográfica | Pacífico Sudeste |
| 650 #0 - ASIENTO SECUNDARIO DE MATERIA - TERMINO TEMATICO | |
| 9 (RLIN) | 102754 |
| Término temático o nombre geográfico como elemento de entrada | Actividades antropogénicas |
| 650 #0 - ASIENTO SECUNDARIO DE MATERIA - TERMINO TEMATICO | |
| 9 (RLIN) | 1854 |
| Término temático o nombre geográfico como elemento de entrada | Protección de animales |
| Subdivisión geográfica | Colombia |
| 710 ## - ASIENTO SECUNDARIO - NOMBRE CORPORATIVO | |
| 9 (RLIN) | 101740 |
| Nombre corporativo o de jurisdicción como elemento de entrada | Programa de las naciones unidas para el medio ambiente(PNUMA) |
| 942 ## - ELEMENTOS ADICIONALES (KOHA) | |
| Sistema de clasificación | Dewey Decimal Classification |
| Tipo de ítem | Libro |
| Withdrawn status | Lost status | Sistema de Clasificación | Damaged status | No para préstamo | Colección | Ubicación Permanente | Ubicación actual | Fecha de adquisición | Total Checkouts | Número topográfico | Inventario / Código de Barras | Date last seen | Ejemplar | Price effective from | Forma de adquisición | Tipo de material |
|---|---|---|---|---|---|---|---|---|---|---|---|---|---|---|---|---|
| Dewey Decimal Classification | General | Bogotá | Bogotá | 20/02/2020 | LB-639.979 C73m | 044135 | 20/02/2020 | Ej. 1 | 20/02/2020 | Donación | Libro |